Statistiche per Paesi con il maggior numero di parlanti italiano

Clicka qui per fare il quiz!

Statistiche generali

  • Questo quiz è stato fatto 34 volte
  • Il punteggio medio è 10 su 12

Statistiche sulle risposte

# Altoparlanti%Paese% Corretto
58.2 mil98%Italia
100%
2.53 mil3.2%Germania
97%
3.28 mil1.2%Stati Uniti
97%
3.23 mil5.1%Francia
94%
1.28 mil15.5%Svizzera
94%
1.13 mil2.4%Spagna
90%
1.36 mil3.5%Argentina
81%
4.05 mil2.1%Brasile
81%
1.34 mil2.1%Regno Unito
81%
799 k28%Albania
74%
790 k9.4%Austria
74%
1.49 mil7.4%Romania
42%

Distribuzione punteggi

Percentile per numero di risposta

Percentuale di utenti per punteggio

I tuoi punteggi nel tempo

Non hai fatto questo quiz